000 00429nam a2200169Ia 4500
008 230711s9999||||xx |||||||||||||| ||und||
020 _a978-93-5014-432-9
041 _aENG
082 _a621.382
_bSH-D
100 _aSharma,Sanjay
245 2 _aA textbook of digital communication
250 _a3rd Ed.
260 _c2013
_aNew Delhi
_bS.K Kataria & Sons
300 _a353p.
650 _aElectronics Engineering
942 _cBK
999 _c5991
_d5991